Les montagnes russes les plus rapides (roller coaster) - Statistiques

Statistiques générales
  • Ce quiz a été pris 99 fois
  • Le résultat moyen est 6 sur 12
Statistiques - réponses
Vitesse (en km/h) Pays (état pour USA) Réponse % Correct
206.0 Etats-Unis (New Jersey) Kingda Ka
92%
180.0 Espagne Red Force
84%
240.0 Emirats Arabes Unis Formula Rossa
79%
193.1 Etats-Unis (Ohio) Top Thrill Dragster
68%
152.9 Etats-Unis (Caroline du Nord) Fury 325
53%
148.1 Canada Leviathan
51%
180.0 Japon Do-Dodonpa
49%
149.7 Etats-Unis (Ohio) Millenium Force
45%
160.9 Etats-Unis (Californie) Superman: Escape from Krypton
40%
144.8 Etats-Unis (Virginie) Intimidator 305
37%
146.5 Etats-Unis (Ohio) Orion
25%
152.9 Japon Steel Dragon 2000
24%
Aucun quiz correspondant
Distribution des résultats
% des personnes avec chaque résultat
Percentile par nombre de réponses
Votre historique - résultats
Vous n’avez pas pris ce quiz